000 00697na a2200217 4500
001 16078
003 MIRAKIL
005 20181213155011.0
008 160929b tu 000 0
035 _a16078
040 _aMilas
_btur
_cTR-AnCHP
082 _aCHP 324.3
_bA39 1976
090 _aCHP 324.3 A39 1976
111 _aCHP Gençlik Kolları 8. Kurultayı
_d1976
245 _aAkgünlerin şafağında
_bChp gençlik kolları 8. kurultayı 1976
_cM. Celal Duru
246 _aAkgünlerin şafağında
260 _a[y.y.]
_b[yay.y.]
_c1976
_fHalkevleri Kültür Vakfı Yayınları
300 _a201 s.
_bftg.
_c23 sm.
610 _aCHP
_xGençlik Kolları Kurultayı
_y1976
942 _2ddc
_cBKS
999 _c4578
_d4578